[Event "Madrid-chT Honor 2223"]
[Site "Madrid"]
[Date "2023.03.19"]
[Round "14.5"]
[White "Yanez Rodriguez, Wilbert"]
[Black "Sanchez Alvares, Kelvin Antonio"]
[Result "1/2-1/2"]
[WhiteElo "2131"]
[BlackElo "2250"]
[PlyCount "80"]
[EventDate "2022.11.20"]
[EventType "team-tourn"]
[EventRounds "14"]
[EventCountry "ESP"]
[SourceTitle "EXT 2024"]
[Source "ChessBase"]
[SourceDate "2023.10.10"]
[SourceVersion "1"]
[SourceVersionDate "2023.10.10"]
[SourceQuality "1"]
[WhiteTeam "Alcala de Henares"]
[BlackTeam "Villalba 64"]
[WhiteTeamCountry "ESP"]
[BlackTeamCountry "ESP"]

1. c4 g6 2. g3 Bg7 3. Bg2 c5 4. Nc3 Nc6 5. Nf3 Nf6 6. 0-0 0-0 7. a3 d5 8. d3 dxc4 9. dxc4 Be6 10. Be3 Qa5 11. Nd5 Ng4 12. Bd2 Qd8 13. Qb3 Rb8 14. Bf4 Na5 15. Qc2 Rc8 16. Rad1 Bxd5 17. cxd5 Qb6 18. h3 Nf6 19. e4 Nd7 20. e5 Nb3 21. Rfe1 Rfd8 22. e6 Nd4 23. exf7+ Kxf7 24. Ng5+ Kg8 25. Qe4 Nf6 26. Qxe7 Rd7 27. Qe3 Nxd5 28. Bxd5+ Rxd5 29. Qe7 Rxg5 30. Bxg5 Nf3+ 31. Kf1 Nxe1 32. Rd7 Qxb2 33. Bh6 Qb5+ 34. Kxe1 Bc3+ 35. Bd2 Qb1+ 36. Ke2 Qb5+ 37. Kd1 Qb3+ 38. Ke2 Qb5+ 39. Kd1 Qb1+ 40. Ke2 Qb5+ 1/2-1/2

[Event "Madrid-chT Honor 2223"]
[Site "Madrid"]
[Date "2023.03.11"]
[Round "13.5"]
[White "Martinez Fernandez, Raul"]
[Black "Yanez Rodriguez, Wilbert"]
[Result "1-0"]
[WhiteElo "2245"]
[BlackElo "2131"]
[PlyCount "51"]
[EventDate "2022.11.20"]
[EventType "team-tourn"]
[EventRounds "14"]
[EventCountry "ESP"]
[SourceTitle "EXT 2024"]
[Source "ChessBase"]
[SourceDate "2023.10.10"]
[SourceVersion "1"]
[SourceVersionDate "2023.10.10"]
[SourceQuality "1"]
[WhiteTeam "San Sebastian de los Reyes"]
[BlackTeam "Alcala de Henares"]
[WhiteTeamCountry "ESP"]
[BlackTeamCountry "ESP"]

1. e4 c5 2. Nf3 g6 3. d4 cxd4 4. Nxd4 Nc6 5. c4 Nf6 6. Nc3 d6 7. Be2 Nxd4 8. Qxd4 Bg7 9. Be3 0-0 10. Qd3 Qa5 11. 0-0 Be6 12. Bd4 Rfc8 13. b3 a6 14. f4 Nd7 15. f5 Ne5 16. Qe3 Bd7 17. Nd5 Qd8 18. Nb6 Bc6 19. Rad1 Rab8 20. Nxc8 Qxc8 21. fxg6 hxg6 22. Qf4 Qe6 23. c5 dxc5 24. Bc4 Qf6 25. Bxe5 Qxe5 26. Qxf7+ 1-0

[Event "Madrid-chT Honor 2223"]
[Site "Madrid"]
[Date "2023.01.28"]
[Round "7.5"]
[White "Perdomo Araujo, Angel Eduardo"]
[Black "Yanez Rodriguez, Wilbert"]
[Result "0-1"]
[WhiteElo "2071"]
[BlackElo "2131"]
[PlyCount "36"]
[EventDate "2022.11.20"]
[EventType "team-tourn"]
[EventRounds "14"]
[EventCountry "ESP"]
[SourceTitle "EXT 2024"]
[Source "ChessBase"]
[SourceDate "2023.10.10"]
[SourceVersion "1"]
[SourceVersionDate "2023.10.10"]
[SourceQuality "1"]
[WhiteTeam "Villalba 64"]
[BlackTeam "Alcala de Henares"]
[WhiteTeamCountry "ESP"]
[BlackTeamCountry "ESP"]

1. e4 c5 2. Nf3 g6 3. d4 cxd4 4. Nxd4 Nc6 5. c4 Nf6 6. Nc3 Nxd4 7. Qxd4 d6 8. Bg5 Bg7 9. c5 0-0 10. cxd6 exd6 11. 0-0-0 Be6 12. Bc4 Bxc4 13. Qxc4 Qa5 14. Bxf6 Bxf6 15. Rd5 Qb6 16. f3 Rac8 17. Qb5 Bxc3 18. Qxb6 Ba5+ 0-1

[Event "Madrid-chT Honor 2122"]
[Site "Madrid"]
[Date "2022.01.29"]
[Round "7.5"]
[White "Balbuena Fuentes, Mario"]
[Black "Yanez Rodriguez, Wilbert"]
[Result "1-0"]
[WhiteElo "2221"]
[BlackElo "2118"]
[PlyCount "67"]
[EventDate "2021.11.27"]
[EventType "team-tourn"]
[EventRounds "14"]
[EventCountry "ESP"]
[SourceTitle "EXT 2024"]
[Source "ChessBase"]
[SourceDate "2023.10.10"]
[SourceVersion "1"]
[SourceVersionDate "2023.10.10"]
[SourceQuality "1"]
[WhiteTeam "Blanco y Negro"]
[BlackTeam "Alcala de Henares"]
[WhiteTeamCountry "ESP"]
[BlackTeamCountry "ESP"]

1. e4 c5 2. Nf3 g6 3. d4 cxd4 4. Nxd4 Bg7 5. c4 Nc6 6. Be3 Nf6 7. Nc3 0-0 8. Be2 d6 9. 0-0 Bd7 10. h3 Nxd4 11. Bxd4 Bc6 12. Qc2 a5 13. Rad1 a4 14. c5 Qa5 15. cxd6 exd6 16. a3 Rfe8 17. f3 d5 18. e5 Nh5 19. f4 Ng3 20. Rfe1 Nf5 21. Bf2 d4 22. Ne4 Red8 23. Bf3 Rac8 24. Qd2 Qb6 25. Bg4 Bxe4 26. Rxe4 Bf8 27. Bxf5 gxf5 28. Rxd4 Rxd4 29. Bxd4 Bc5 30. Bxc5 Rxc5 31. Kh2 Rb5 32. Qd7 Rxb2 33. Rd6 Qa5 34. e6 1-0

[Event "Rutas de Cuenca op 6th"]
[Site "Cuenca"]
[Date "2019.07.20"]
[Round "3"]
[White "Donate Moreno, Silvia"]
[Black "Yanez Rodriguez, Wilbert"]
[Result "0-1"]
[WhiteElo "1752"]
[BlackElo "2196"]
[PlyCount "78"]
[EventDate "2019.07.19"]
[EventType "swiss"]
[EventRounds "7"]
[EventCountry "ESP"]
[SourceTitle "CBM 195 Extra"]
[Source "ChessBase"]
[SourceDate "2020.05.31"]
[SourceVersion "1"]
[SourceVersionDate "2020.05.31"]
[SourceQuality "1"]

1. e4 c5 2. g3 g6 3. Bg2 Bg7 4. Ne2 Nc6 5. c3 e5 6. Na3 Nge7 7. Nc2 0-0 8. d4 d6 9. 0-0 f5 10. dxc5 dxc5 11. Be3 b6 12. exf5 Bxf5 13. Qc1 Qd3 14. g4 Qxc2 15. gxf5 Qxe2 16. fxg6 hxg6 17. Bh6 Rf5 18. Bh3 Bxh6 19. Qxh6 Qh5 20. Qxh5 Rxh5 21. Be6+ Kg7 22. f4 Rf8 23. fxe5 Rxe5 24. Rxf8 Kxf8 25. Rf1+ Nf5 26. Bd7 Nce7 27. Rf2 Kg7 28. Kg2 Kh6 29. b4 Re3 30. bxc5 bxc5 31. Rc2 Rd3 32. Bxf5 Nxf5 33. Kf2 Kg5 34. Ke2 Rh3 35. Ke1 Kf4 36. Rf2+ Rf3 37. Rc2 Ne3 38. Re2 Rf1+ 39. Kd2 Rd1# 0-1

[Event "Madrid-ch final"]
[Site "Madrid"]
[Date "2019.05.27"]
[Round "3"]
[White "Yanez Rodriguez, Wilbert"]
[Black "Espinosa Aranda, Angel"]
[Result "1/2-1/2"]
[WhiteElo "2217"]
[BlackElo "2483"]
[PlyCount "73"]
[EventDate "2019.05.25"]
[EventType "swiss"]
[EventRounds "7"]
[EventCountry "ESP"]
[SourceTitle "CBM 190 Extra"]
[Source "ChessBase"]
[SourceDate "2019.07.15"]
[SourceVersion "1"]
[SourceVersionDate "2019.07.15"]
[SourceQuality "1"]

1. c4 e5 2. g3 Nc6 3. Bg2 Nf6 4. d3 Bc5 5. Nc3 0-0 6. Nf3 d6 7. 0-0 a6 8. a3 Nd4 9. b4 Nxf3+ 10. Bxf3 Bd4 11. Bb2 c6 12. e3 Ba7 13. Rc1 Bh3 14. Re1 Qd7 15. Ne4 Nxe4 16. dxe4 f6 17. Rc2 Be6 18. Be2 Rad8 19. Rd2 Bb8 20. Qc2 Qf7 21. Bd3 Kh8 22. Rc1 Ba7 23. Qd1 Qe7 24. Be2 f5 25. exf5 Bxf5 26. Bd3 Qe6 27. Bxf5 Qxf5 28. Qe2 Qe4 29. Qd3 Qxd3 30. Rxd3 Bb8 31. Rcd1 Rc8 32. a4 Kg8 33. Kg2 Kf7 34. f4 exf4 35. gxf4 Rfe8 36. Kf3 Re6 37. e4 1/2-1/2

[Event "Madrid-ch sf"]
[Site "Madrid"]
[Date "2019.05.10"]
[Round "5"]
[White "Rodriguez Melendez, Juan Humbert"]
[Black "Yanez Rodriguez, Wilbert"]
[Result "1-0"]
[WhiteElo "2212"]
[BlackElo "2217"]
[PlyCount "107"]
[EventDate "2019.05.06"]
[EventType "swiss"]
[EventRounds "9"]
[EventCountry "ESP"]
[SourceTitle "CBM 190 Extra"]
[Source "ChessBase"]
[SourceDate "2019.07.15"]
[SourceVersion "1"]
[SourceVersionDate "2019.07.15"]
[SourceQuality "1"]

1. d4 Nf6 2. c4 g6 3. g3 Bg7 4. Nf3 0-0 5. Bg2 d6 6. Nc3 c5 7. d5 e6 8. 0-0 exd5 9. cxd5 Na6 10. Bf4 Nc7 11. a4 b6 12. Re1 Nh5 13. Bg5 Bf6 14. Bd2 Rb8 15. e4 Re8 16. Qc2 a6 17. h3 Bg7 18. g4 Nf6 19. Bg5 Bb7 20. Rad1 b5 21. axb5 Nxb5 22. Nxb5 axb5 23. e5 dxe5 24. Nxe5 Qd6 25. Nc6 Ra8 26. Qd2 Nd7 27. Be7 Qc7 28. b3 b4 29. Bg5 Bc3 30. Rxe8+ Rxe8 31. Qd3 Qb6 32. Qg3 Re2 33. Bf3 Qa6 34. Bxe2 Qxe2 35. Qd3 Ba6 36. Qxe2 Bxe2 37. Rc1 f6 38. Be3 Bf3 39. Na5 Bxd5 40. Rd1 Be6 41. Rd6 Kf7 42. Rc6 Bd5 43. Rc7 Ke6 44. Bxc5 f5 45. gxf5+ gxf5 46. Kf1 h5 47. Ke2 f4 48. Nc4 Bxc4+ 49. bxc4 Ne5 50. Re7+ Kf6 51. Rb7 f3+ 52. Kf1 Nd3 53. Bf8 Ke6 54. c5 1-0